000 00781nam a2200229 i 4500
001 72767
003 ES-MaACL
005 20250707074236.0
007 t|
008 040902s1953 po ||||1| por d
100 1 _aGoethe, Johann Wolfgang von,
_d1749-1832
_957568
245 1 0 _aFausto /
_cJ.W. Goethe ; traduçao de Agostinho D'Ornellas.
250 _aNova ed. ao cuidado
_bde Paulo Quintela.
260 _aCoimbra :
_bUniversidade de Coimbra,
_c1953 (
_fAtlántida)
300 _aXXVII, 613 p. ;
_c22 cm.
490 1 _aActa Universitatis Conimbrigensis
700 1 _aD'Ornellas, Agostinho.
_942382
700 1 _aQuintela, Paulo.
_994716
830 0 0 _aActa Universitatis Conimbrigensis
_9181764
852 _aES-MaACL
_jC-6112
_bR.34715
999 _c72767
_d72767